Nghiên cứu lắp đặt tối ưu thiết bị đo góc pha với phương pháp qui hoạch nguyên : Luận văn tốt nghiệp Cao học. Chuyên ngành Kỹ thuật điện

Trình bày tóm tắt vai trò của thiết bị đo lường góc pha đồng bộ (Phasor measurement unit – PMU) ứng dụng trong nâng cao hiệu quả vận hành hệ thống điện và các vấn đề liên quan khi lựa chọn số lượng và vị trí đặt các thiết bị PMU trên lưới...

Full description

Saved in:
Bibliographic Details
Main Author: Trần, Ngọc Thoa
Format: Book
Language:Undetermined
Published: Cần Thơ Trường Đại học Cần Thơ 2019
Subjects:
Tags: Add Tag
No Tags, Be the first to tag this record!
Institutions: Trung tâm Học liệu Trường Đại học Cần Thơ
LEADER 01220nam a2200217Ia 4500
001 CTU_232069
008 210402s9999 xx 000 0 und d
082 |a 621.3 
082 |b Th401 
088 |a 8520201 
100 |a Trần, Ngọc Thoa 
245 0 |a Nghiên cứu lắp đặt tối ưu thiết bị đo góc pha với phương pháp qui hoạch nguyên : 
245 0 |b Luận văn tốt nghiệp Cao học. Chuyên ngành Kỹ thuật điện 
245 0 |c Trần Ngọc Thoa ; Nguyễn Xuân Vinh (Cán bộ hướng dẫn) 
260 |a Cần Thơ 
260 |b Trường Đại học Cần Thơ 
260 |c 2019 
520 |a Trình bày tóm tắt vai trò của thiết bị đo lường góc pha đồng bộ (Phasor measurement unit – PMU) ứng dụng trong nâng cao hiệu quả vận hành hệ thống điện và các vấn đề liên quan khi lựa chọn số lượng và vị trí đặt các thiết bị PMU trên lưới điện. 
650 |a Electric engineering,Kỹ thuật điện 
910 |b nthai 
980 |a Trung tâm Học liệu Trường Đại học Cần Thơ